Collected writings of modern western scholars on Japan, Vol. 4-12 (Record no. 1100055)
[ view plain ]
| 000 -LEADER | |
|---|---|
| fixed length control field | 02102nam a2200313Ia 4500 |
| 003 - CONTROL NUMBER IDENTIFIER | |
| control field | OSt |
| 005 - DATE AND TIME OF LATEST TRANSACTION | |
| control field | 20221006153319.0 |
| 008 - FIXED-LENGTH DATA ELEMENTS--GENERAL INFORMATION | |
| fixed length control field | 221006b |||||||| |||| 00| 0 eng d |
| 020 ## - INTERNATIONAL STANDARD BOOK NUMBER | |
| International Standard Book Number | 4931444385 (V.5) |
| 020 ## - INTERNATIONAL STANDARD BOOK NUMBER | |
| International Standard Book Number | 4931444393 (V.6) |
| 020 ## - INTERNATIONAL STANDARD BOOK NUMBER | |
| International Standard Book Number | 4931444628 (V.8) |
| 020 ## - INTERNATIONAL STANDARD BOOK NUMBER | |
| International Standard Book Number | 4931444644 (V.7) |
| 020 ## - INTERNATIONAL STANDARD BOOK NUMBER | |
| International Standard Book Number | 4931444377 (V.4) |
| 037 ## - SOURCE OF ACQUISITION | |
| Terms of availability | Textual |
| 040 ## - CATALOGING SOURCE | |
| Original cataloging agency | EASL |
| Transcribing agency | EASL |
| Language of cataloging | eng |
| 041 ## - LANGUAGE CODE | |
| Source of code | eng |
| Language code of text/sound track or separate title | eng |
| 245 #0 - TITLE STATEMENT | |
| Title | Collected writings of modern western scholars on Japan, Vol. 4-12 |
| 260 ## - PUBLICATION, DISTRIBUTION, ETC. | |
| Place of publication, distribution, etc. | Surrey |
| Name of publisher, distributor, etc. | Japan Library |
| Date of publication, distribution, etc. | 2002 |
| 300 ## - PHYSICAL DESCRIPTION | |
| Extent | p. |
| Dimensions | cm. |
| 490 ## - SERIES STATEMENT | |
| Volume/sequential designation | 9 |
| Series statement | Collected writings of modern western scholars on Japan |
| 500 ## - GENERAL NOTE | |
| General note | 4: Collected writings of P.G. O'Neill, 2001; 356p. (Drama, Literature festivals, language; 5: Collected writings of W.G. Beasley, 2001; 286p. (Japanese foreign relations, Meiji restoration); 6: Collected writings of Ivan Nish, Pt. I, 2001; 291p. (Japanese history 1902 - 1976); 7: Collected writings of Ivan Nish, Pt. 2, 2001; 442p.(Nineteenth century and after - History - Japan Manchurian crisis); 8: Collected writings of Ronald Dore, 2002; 372p. (Japanese politics, Japanese economy); 9: Collected writings of Richard Storry, 2002; 356p. (Mukden incident, war and peace, Kinjo Tenno - emperor of Japan); 10: Collected writings of J.A.A. Stockwin, 2004; 551p. (Japanese elections, Japanese political parties, Japanese political system, Political factionalism); 11: Collected writings of J.Thomas Rimer, 2004; 555p. (writings on Noh, writings on Japanese poetry, writings on Mori Ogai, Japan's modern theatre, Japanese literature, art and artistry); 12: Collected writings of Gordon Daniels, 2004; 525p. (Bakumatsu, pacific war, Japanese history, historiography and historians, post war Japanese relations, cinema, sports and mass media) |
| 650 ## - SUBJECT ADDED ENTRY--TOPICAL TERM | |
| Topical term or geographic name entry element | JEL |
| 942 ## - ADDED ENTRY ELEMENTS (KOHA) | |
| Classification part | z42,N, P2.4-.12 |
| Koha item type | Textual |
| Source of classification or shelving scheme | Colon Classification (CC) |
| Withdrawn status | Lost status | Source of classification or shelving scheme | Damaged status | Not for loan | Home library | Current library | Date acquired | Source of acquisition | Serial Enumeration / chronology | Total Checkouts | Full call number | Barcode | Date last seen | Price effective from | Koha item type |
|---|---|---|---|---|---|---|---|---|---|---|---|---|---|---|---|
| Colon Classification (CC) | Department of East Asian Studies Library | Department of East Asian Studies Library | 2022-10-06 | Gift, Toshiba International Foundation | 9 | z42,N P2.4-.12 | EA1232231 | 2022-10-06 | 2022-10-06 | Textual |
